000 01070nmm a2200313 a 4500
001 ocm0002347694
003 TR-IsHL
005 20201028185243.0
008 190905s2018 tu tur
007 cr cn
020 _a9786052022535
035 _a2347694
_b(N$T)
050 0 4 _aPT2653.W42
_bE919 2018
090 0 4 _aPT2653.W42
_bE919 2018
100 1 _aZweig, Stefan
245 1 0 _aKardeşinin ölümsüz gözleri
_h[electronic resource] /
_cStefan Zweig ; çeviren Mehmet Mert Çam ; editör Zeynep Akıncı
250 _a1. Baskı
260 _aİstanbul :
_bİlgi Kültür Sanat Yayıncılık ,
_c2018
300 _a80 p.
500 _aözgün adı: The eyes of the eternal brother
650 4 _aDil ve Edebiyat
650 4 _aLanguage and Literature
650 0 _aAlman romanı
650 0 _aGerman fiction
650 7 _aLITERARY COLLECTIONS / European / German
_2bisacsh
700 1 _aÇam, Mehmet Mert
700 1 _aAkıncı, Zeynep
856 4 0 _uhttp://search.ebscohost.com/login.aspx?direct=true&scope=site&db=e011xww&AN=2347694
999 _c21380
_d21380